ბათუმის შოთა რუსთაველის სახელმწიფო უნივერსიტეტის ბიბლიოთეკა

თხზულებანი სამ ტომად: (ბიბ.ჩანაწერი № 50611)

000 -ლიდერი
ფიქსირებული სიგრძის საკონტროლო ველი 01322nam a2200253Ia 4500
001 - საკონტროლო ნომერი
საკონტროლო ველი 17561
003 - საკონტროლო ნომრის იდენტიფიკატორი
საკონტროლო ველი GE_BSU
005 - ბოლო ოპერაციის თარიღი და დრო
საკონტროლო ველი 20221202134510.0
008 - ფიქსირებული სიგრძის მონაცემთა ელემენტები - ზოგადი ინფორმაცია
ფიქსირებული სიგრძის საკონტროლო ველი 181216s1961ge xx |||||||||||||| ||geo||
040 ## - კატალოგიზაციის წყარო
Transcribing agency GE_BSU
041 ## - ენის კოდი
Language code of text/sound track or separate title geo
080 ## - უნივერსალური ათობითი კლასიფიკაციის ინდექსი
Universal Decimal Classification number 821.161.1 + 821.161.1-32 ჩ-54
100 ## - მთავარი ჩანაწერი - პიროვნების სახელი
Personal name ჩეხოვი, ა.პ.
9 (RLIN) 16317
245 ## - ცნობა სათაურის შესახებ
Title თხზულებანი სამ ტომად:
Remainder of title ტომი I:მოთხრობები, 1880-1885 /
Statement of responsibility, etc ა.პ. ჩეხოვი, შემდგ.:ნ.შველიძე;დემნა შენგელაიას წინასიტყვაობით; რედ.:გ.ციცქიშვილი;ილ.:ჯ.ლოლუა
264 ## - წარმოების, გამოცემის, დისტრიბუციის და სხვა ცნობები
გამოცემის, წარმოების, დისტრიბუციის... ადგილი თბილისი :
გამოცემის, წარმოების, დისტრიბუციის... სახელწოდება საბჭ.საქართველო,
გამოცემის, წარმოების, დისტრიბუციის... თარიღი 1961
300 ## - ფიზიკური აღწერა
Accompanying material 427 გვ.:
Extent 22 სმ.
Other physical details 7ფ.ილ.დაპორტრ.
653 ## - INDEX TERM--UNCONTROLLED
Uncontrolled term თხზულებანი
653 ## - INDEX TERM--UNCONTROLLED
Uncontrolled term მოთხრობები
700 ## - ADDED ENTRY--PERSONAL NAME
Personal name შველიძე, ნ
Relator term შემდგენელი
9 (RLIN) 7630
700 ## - ADDED ENTRY--PERSONAL NAME
Personal name შენგელაია, დ
Relator term წინასიტყვაობა
9 (RLIN) 4533
700 ## - ADDED ENTRY--PERSONAL NAME
Personal name ციცქიშვილი, გ
Relator term რედაქტორი
9 (RLIN) 7590
700 ## - ADDED ENTRY--PERSONAL NAME
Personal name ლოლუა, ჯ
Relator term ილუსტრატორი
9 (RLIN) 16318
942 ## - ADDED ENTRY ELEMENTS (KOHA)
Koha item type წიგნი
Source of classification or shelving scheme
ეგზემპლარები
ჩამოწერის სტატუსი დაკარგული ეგზემპლარის სტატუსი კლასიფიკაციის წყარო ან თაროზე გაწყობის სქემა დაზიანების სტატუსი არ გაიცემა მუდმივი მდებარეობა (დაცვის ადგილი) ამჟამინდელი ადგილსამყოფელი თაროზე განთავსების ადგილი შეძენის თარიღი სრული შენახვის შიფრი შტრიხკოდი ბოლო ოპერაციის თარიღი ეგზემპლარის მიმდევრობითი ნომერი (კეტერი?) ფასის ძალაში შესვლის თარიღი ეგზემპლარის სახეობა
          ბათუმის შოთა რუსთაველის სახელმწიფო უნივერსიტეტის მთავარი ბიბლიოთეკა აგრარული და მემბრანული ტექნოლოგიების ინსტიტუტის ბიბლიოთეკა წიგნსაცავი 2018-12-17 821.161.1 + 821.161.1-32 ჩ-54 22068 2018-12-17 22068 2018-12-17 წიგნი
          ბათუმის შოთა რუსთაველის სახელმწიფო უნივერსიტეტის მთავარი ბიბლიოთეკა აგრარული და მემბრანული ტექნოლოგიების ინსტიტუტის ბიბლიოთეკა წიგნსაცავი 2018-12-17 821.161.1 + 821.161.1-32 ჩ-54 22070 2018-12-17 22070 2018-12-17 წიგნი
          ბათუმის შოთა რუსთაველის სახელმწიფო უნივერსიტეტის მთავარი ბიბლიოთეკა აგრარული და მემბრანული ტექნოლოგიების ინსტიტუტის ბიბლიოთეკა წიგნსაცავი 2018-12-17 821.161.1 + 821.161.1-32 ჩ-54 22069 2018-12-17 22069 2018-12-17 წიგნი
          ბათუმის შოთა რუსთაველის სახელმწიფო უნივერსიტეტის მთავარი ბიბლიოთეკა აგრარული და მემბრანული ტექნოლოგიების ინსტიტუტის ბიბლიოთეკა წიგნსაცავი 2018-12-17 821.161.1 + 821.161.1-32 ჩ-54 22071 2018-12-17 22071 2018-12-17 წიგნი
          ბათუმის შოთა რუსთაველის სახელმწიფო უნივერსიტეტის მთავარი ბიბლიოთეკა აგრარული და მემბრანული ტექნოლოგიების ინსტიტუტის ბიბლიოთეკა წიგნსაცავი 2018-12-17 821.161.1 + 821.161.1-32 ჩ-54 22072 2018-12-17 22072 2018-12-17 წიგნი